Záťažové situácie a spôsoby ich zvládania u stredoškolákov = Aggressiveness and violence among pupilage children at high schools : Diplomová práca

Gespeichert in:
Bibliographische Detailangaben
1. Verfasser: Búcorová, Barbora (Verfasst von)
Weitere Verfasser: Ručková, Gabriela (xxx)
Format: Manuskript Buch
Sprache:Slowakisch
Veröffentlicht: Trnava : STU v Bratislave MTF UIPH, 2009
Schlagworte:
Tags: Tag hinzufügen
Keine Tags, Fügen Sie das erste Tag hinzu!

MARC

LEADER 00000ntm a22000003a 4500
001 stu198815
005 20160719160101.6
008 100122s2009----xo------------------slo-d
040 |a STU  |b slo 
041 0 |a slo 
044 |a xo 
100 1 |a Búcorová, Barbora  |4 aut 
245 1 |a Záťažové situácie a spôsoby ich zvládania u stredoškolákov = Aggressiveness and violence among pupilage children at high schools :  |b Diplomová práca 
260 |a Trnava :  |b STU v Bratislave MTF UIPH,  |c 2009 
300 |a 96 s  |c 1 CD-ROM 
500 |a Študijný program: učiteľstvo technických profesijných predmetov 
500 |a Študijný odbor: 1.1.2 učiteľstvo profesijných predmetov a praktickej prípravy 
650 7 |a záťažové situácie  |2 stusub 
700 1 |a Ručková, Gabriela  |4 xxx 
996 |b 284M077619  |c M*DP-8710  |l MMSKP  |s P  |a 0  |w stu198815_0001